Hodnotenie ľudského kapitálu
Základné teoretické princípy definovania ľudského kapitálu. Investície a návratnosť investícií do ľudského kapitálu. Meranie a hlavné prístupy merania ľudského kapitálu. Systémy hodnotenia ľudského kapitálu.
Salvato in:
| Autore principale: | |
|---|---|
| Natura: | Capitolo di libro |
| Lingua: | slovacco |
| Soggetti: | |
| Tags: |
Nessun Tag, puoi essere il primo ad aggiungerne!!
|
MARC
| LEADER | 00000nla$a2200000$$$4500 | ||
|---|---|---|---|
| 001 | 0146963 | ||
| 005 | 20240502072644.5 | ||
| 041 | 0 | |a slo | |
| 044 | |a SK | ||
| 245 | 1 | 0 | |a Hodnotenie ľudského kapitálu |c Ľubica Foltínová |
| 520 | |a Základné teoretické princípy definovania ľudského kapitálu. Investície a návratnosť investícií do ľudského kapitálu. Meranie a hlavné prístupy merania ľudského kapitálu. Systémy hodnotenia ľudského kapitálu. | ||
| 610 | 2 | 0 | |a kapitál ľudský |
| 610 | 2 | 0 | |a zdroje ľudské |
| 610 | 2 | 0 | |a riadenie personálne |
| 610 | 2 | 0 | |a hodnotenie pracovné |
| 610 | 2 | 0 | |a hodnotenie pracovníkov |
| 610 | 2 | 0 | |a schopnosti pracovné |
| 610 | 2 | 0 | |a kvalita práce |
| 610 | 2 | 0 | |a zručnosti |
| 100 | 1 | |a Foltínová, Ľubica, 1975- | |